000 01055nam a2200229 i 4500
001 189429
003 SpMaBN
005 20250829025821.0
008 190531s1991 sp |||| |dspa d
020 _a84-7969-019-4
080 _a820(73)-32"19"
100 1 _aLondon, Jack,
_d1876-1916
_973218
245 1 0 _aCuentos /
_cJack London ; [traductor, Fernando Santos Fontela].
260 _a[Madrid] :
_bCompañía Europea de Comunicación e Información,
_c[1991]
300 _a94 p. ;
_c19 cm.
490 1 _aBiblioteca de "El Sol" ;
_v6
505 8 _aContiene: Siete cuentos de la patrulla pesquera: Blanco y amarillo ;
_tEl rey de los griegos ;
_tIncursión contra los ostreros furtivos ;
_tEl asedio del "Reina de Lancashire" ;
_tEl "golpe" de Charley ;
_tDemetrios Contos ;
_tPañuelo amarillo - Otros relatos: El furtivo perdido ;
_tChris Farrington, marinero de primera
700 1 _aSantos Fontenla, Fernando.
_9103502
830 0 _aBiblioteca de "El Sol" ;
_v6
_9191755
852 _aES-MaACL
_jL-32425
999 _c189429
_d189429